Pays sans les lettres de "TOGO" - Statistiques

Statistiques générales
  • Ce quiz a été pris 30 fois
    17 depuis la dernière actualisation
  • Le résultat moyen est 48 sur 60
Statistiques - réponses
Continents Pays % Correct
Afrique Afrique du Sud
100%
Amérique du Nord Bahamas
100%
Afrique Benin
100%
Afrique Burundi
100%
Amérique du Nord Canada
100%
Amérique du Sud Chili
100%
Asie Chine
100%
Asie Chypre
100%
Amérique du Nord Cuba
100%
Europe Finlande
100%
Asie Inde
100%
Asie Iran
100%
Europe Irlande
100%
Asie Israël
100%
Amérique du Nord Jamaïque
100%
Asie Liban
100%
Afrique Libye
100%
Afrique Maurice
100%
Amérique du Nord Panama
100%
Europe Russie
100%
Afrique Rwanda
100%
Europe Suède
100%
Asie Syrie
100%
Europe Ukraine
100%
Asie Yemen
100%
Europe Albanie
75%
Asie Arménie
75%
Amérique du Nord Barbade
75%
Amérique du Sud Brésil
75%
Europe France
75%
Europe Islande
75%
Afrique Kenya
75%
Afrique Libéria
75%
Asie Malaisie
75%
Afrique Malawi
75%
Asie Maldives
75%
Afrique Mali
75%
Océanie Marshall, Îles
75%
Amérique du Nord Mexique
75%
Afrique Namibie
75%
Europe Pays-Bas
75%
Asie Philippines
75%
Afrique Seychelles
75%
Asie Sri Lanka
75%
Amérique du Sud Suriname
75%
Amérique du Sud Venezuela
75%
Afrique Zambie
75%
Afrique Zimbabwe
75%
Asie Azerbaïdjan
50%
Asie Bahreïn
50%
Amérique du Nord Belize
50%
Europe Danemark
50%
Océanie Fidji
50%
Asie Iraq
50%
Asie Myanmar
50%
Océanie Nauru
50%
Asie Népal
50%
Europe Serbie
50%
Europe Suisse
50%
Asie Bruneï
25%
Aucun quiz correspondant
Distribution des résultats
% des personnes avec chaque résultat
Percentile par nombre de réponses
Votre historique - résultats
Vous n’avez pas pris ce quiz depuis la dernière actualisation